[Event "81st ch-StP"]
[Site "St Petersburg RUS"]
[Date "2009.02.18"]
[Round "2"]
[White "Goganov,A"]
[Black "Solovjov,S"]
[Result "1-0"]
[WhiteElo "2385"]
[BlackElo "2410"]

1.d4 d5 2.c4 c6 3.Nc3 Nf6 4.Nf3 e6 5.e3 Nbd7 6.Bd3 dxc4 7.Bxc4 b5 8.Bd3 a6
9.a4 b4 10.Ne4 Bb7 11.O-O c5 12.Nxf6+ Nxf6 13.dxc5 Bxc5 14.Qe2 Qe7 15.e4 h6
16.Bf4 O-O 17.Rac1 Rac8 18.Ne5 Bd4 19.Nf3 Bc5 20.h3 Rfd8 21.e5 Nd5 22.Bd2 Nb6
23.a5 Na4 24.Bxa6 Nxb2 25.Bxb7 Qxb7 26.Bxh6 Nd3 27.Rcd1 Bxf2+ 28.Kh2 gxh6
29.Rxd3 Rxd3 30.Qxd3 Bc5 31.Nd2 Bf8 32.Ne4 Bg7 33.Nf6+ Bxf6 34.Rxf6 Rc3 35.Qd8+ Kg7
36.Rf4 Rc8 37.Qf6+ Kh7 38.Rh4  1-0

[Event "73rd ch-BUL"]
[Site "Blagoevgrad BUL"]
[Date "2009.02.22"]
[Round "13"]
[White "Lilov,V2"]
[Black "Enchev,I"]
[Result "1/2-1/2"]
[WhiteElo "2443"]
[BlackElo "2382"]

1.d4 d5 2.c4 c6 3.Nf3 Nf6 4.e3 e6 5.Nc3 Nbd7 6.Qc2 Be7 7.b3 O-O 8.Bb2 b6
9.Bd3 Bb7 10.O-O h6 11.Rad1 Qc7 12.Rfe1 Rac8 13.e4 dxe4 14.Nxe4 Nxe4 15.Bxe4 Nf6
16.Bd3 c5 17.Ne5 cxd4 18.Bxd4 Bc5 19.Bxc5 Qxc5 20.Qe2 Rcd8 21.Bc2 Qc7 22.Rxd8 Rxd8
23.Rd1 Rd6 24.Rxd6 Qxd6 25.Qd3 Qxd3 26.Bxd3 Kf8 27.f3 Ke7 28.Kf2 Nd7 29.Nxd7 Kxd7
30.Ke3 Kd6 31.b4 Bc6 32.a3 Bb7 33.g3 e5 34.Bc2 Bc8  1/2-1/2

[Event "2nd Pfalz Open"]
[Site "Neustadt an der Weinstrasse GER"]
[Date "2009.02.22"]
[Round "9"]
[White "Maiorov,N1"]
[Black "Borovikov,V"]
[Result "0-1"]
[WhiteElo "2524"]
[BlackElo "2582"]

1.d4 d5 2.c4 c6 3.Nc3 Nf6 4.e3 e6 5.Nf3 Nbd7 6.Qc2 Bd6 7.b3 O-O 8.Be2 b6
9.O-O Bb7 10.Bb2 Qe7 11.Rac1 Rac8 12.Qb1 a6 13.Rfd1 Rfd8 14.Bf1 c5 15.cxd5 exd5
16.g3 c4 17.a4 cxb3 18.Nd2 h5 19.Nxb3 h4 20.Qd3 hxg3 21.hxg3 Ng4 22.Qf5 Nh6
23.Qd3 Qg5 24.Bg2 Nf6 25.Nd2 Nhg4 26.Ne2 Qh6 27.Ba3 Nxf2 28.Kxf2 Ng4+ 29.Kg1 Bxg3
30.Nxg3 Qh2+ 31.Kf1 Qxg3 32.Qe2 Nxe3+ 33.Kg1 Nxd1 34.Rxc8 Rxc8 35.Nf3 Nc3
36.Qe7 Qc7  0-1

[Event "ch-EST"]
[Site "Rakvere EST"]
[Date "2009.02.22"]
[Round "3"]
[White "Volodin,Alek"]
[Black "Kulaots,K"]
[Result "1/2-1/2"]
[WhiteElo "2401"]
[BlackElo "2573"]

1.d4 Nf6 2.c4 e6 3.Nf3 d5 4.Nc3 c6 5.e3 Nbd7 6.Bd3 dxc4 7.Bxc4 b5 8.Bd3 Bb7
9.a3 Bd6 10.O-O O-O 11.Qc2 Qe7 12.Bd2 e5 13.Ne4 Nxe4 14.Bxe4 g6 15.dxe5 Nxe5
16.Nxe5 Qxe5 17.g3 Rfe8 18.Bg2 Qe7 19.Bc3 c5 20.Bxb7 Qxb7 21.Rfd1 Be7 22.Rd2 Rad8
23.Rad1 Rxd2 24.Qxd2 b4 25.axb4 cxb4 26.Be5 f6 27.Bd4 a5 28.Qc2 Rc8 29.Qb3+ Kf8
30.Qa4 Qf3  1/2-1/2

[Event "81st ch-StP"]
[Site "St Petersburg RUS"]
[Date "2009.02.25"]
[Round "9"]
[White "Levin,Ev"]
[Black "Lovkov,R"]
[Result "0-1"]
[WhiteElo "2484"]
[BlackElo "2430"]

1.d4 d5 2.c4 c6 3.Nc3 Nf6 4.Nf3 e6 5.e3 a6 6.b3 b5 7.Bd2 Nbd7 8.Bd3 Bd6 9.O-O O-O
10.Qc2 bxc4 11.bxc4 dxc4 12.Bxc4 c5 13.Ne4 Nxe4 14.Qxe4 Rb8 15.Bc3 Bb7 16.d5 exd5
17.Bxd5 Nf6 18.Bxf6 Bxd5 19.Bxd8 Bxe4 20.Ba5 c4 21.Bc3 Ba3 22.Ne5 Rfc8 23.f3 Bf5
24.e4 Be6 25.Rfb1 Rb5 26.Ng4 Bxg4 27.fxg4 h6 28.h4 Rcb8 29.Rd1 Bb2 30.Bxb2 Rxb2
31.Rac1 Rxa2 32.Rxc4 Rbb2 33.Rc8+ Kh7 34.g3 Rg2+ 35.Kf1 Rxg3 36.h5 Rb3 37.Rc7 f6
38.Rc8 Rbb2 39.Kg1 a5 40.Ra8 a4 41.Rc1 Rb4 42.Kf1 Rd2 43.Ra1 Rxe4 44.R1xa4 Rdd4
45.R4a7 Rxg4 46.Rf8 Rdf4+ 47.Ke2 Rf5 48.Rff7 Rxh5 49.Rxf6 Re5+ 50.Kf3 Rg1
51.Kf2 Rgg5 52.Kf3 Rgf5+ 53.Rxf5 Rxf5+ 54.Kg4 Rf1 55.Kg3 Kg6 56.Ra6+ Rf6
57.Ra7 Rb6 58.Rc7 Kf6 59.Rc8 g5 60.Rg8 Kf7 61.Rh8 Kg6 62.Rc8 Rb3+ 63.Kh2 Kh5
64.Rc6 g4 65.Rd6 Kg5 66.Kg2 h5 67.Kh2 Rb2+ 68.Kh1 Kh4 69.Rd5 g3 70.Kg1 Kg4
71.Kh1 h4 72.Rd4+ Kh3 73.Rd1 Rb4 74.Rc1 Kg4 75.Rd1 h3 76.Rc1 h2  0-1

[Event "TCh-AUT 2nd Bundesliga Ost 2008-9"]
[Site "Austria AUT"]
[Date "2009.02.28"]
[Round "8"]
[White "Polak,T"]
[Black "Beckhuis,G"]
[Result "1-0"]
[WhiteElo "2553"]
[BlackElo "2348"]

1.d4 d5 2.c4 c6 3.Nc3 Nf6 4.e3 e6 5.Nf3 Nbd7 6.Qc2 Bd6 7.g4 Nxg4 8.Rg1 Qf6
9.Rxg4 Qxf3 10.Rxg7 Nf6 11.h3 dxc4 12.Bd2 e5 13.dxe5 Bxe5 14.Rg5 Rg8 15.Rxe5+ Be6
16.Ne2 O-O-O 17.O-O-O Qxf2 18.Nf4 b5 19.Be2 Nd5 20.Be1 Qg1 21.Nxe6 fxe6 22.Qe4 Qh2
23.Bg4 Kb7 24.Rxe6 c3 25.Bxc3 Nxc3 26.Qxc6+ Kb8 27.bxc3 Rxd1+ 28.Bxd1  1-0

[Event "Bundesliga 2008-9"]
[Site "Eppingen GER"]
[Date "2009.02.28"]
[Round "12"]
[White "Fressinet,L"]
[Black "Ruck,R1"]
[Result "1-0"]
[WhiteElo "2676"]
[BlackElo "2574"]

1.d4 d5 2.c4 c6 3.Nc3 Nf6 4.e3 e6 5.Nf3 Nbd7 6.Qc2 Bd6 7.Bd3 O-O 8.O-O dxc4
9.Bxc4 b5 10.Be2 Re8 11.Rd1 Qc7 12.Bd2 a6 13.Rac1 c5 14.dxc5 Qxc5 15.Be1 Be7
16.b4 Qb6 17.a4 Bxb4 18.Rb1 Bxc3 19.Qxc3 Nd5 20.Qc1 Bb7 21.axb5 a5 22.Qa3 Rec8
23.Rd4 Qc5 24.Ra1 Qxa3 25.Rxa3 Rc1 26.Rd1 Rc2 27.Bd3 Rcc8 28.Rxa5 Rxa5 29.Bxa5 Nc5
30.Bf1 Ra8 31.Be1 Ra2 32.Nd4 h6 33.Rc1 Ne4 34.Nc6 Rb2 35.Na5 Nd6 36.e4 Nf4
37.g3 Ne2+ 38.Bxe2 Rxe2 39.Bb4 Ra2 40.e5 Rxa5 41.exd6  1-0

[Event "Bundesliga 2008-9"]
[Site "Hamburg GER"]
[Date "2009.02.28"]
[Round "12"]
[White "Lauber,A"]
[Black "Flumbort,A"]
[Result "1/2-1/2"]
[WhiteElo "2497"]
[BlackElo "2489"]

1.d4 d5 2.c4 c6 3.Nc3 Nf6 4.e3 e6 5.Nf3 Nbd7 6.Bd3 dxc4 7.Bxc4 b5 8.Bd3 b4
9.Ne4 Nxe4 10.Bxe4 Bb7 11.a3 bxa3 12.O-O Bd6 13.Nd2 Nf6 14.Bf3 Qc7 15.Nc4 Be7
16.b3 c5 17.Bxb7 Qxb7 18.dxc5 Bxc5 19.Nd6+ Bxd6 20.Qxd6 Ne4 21.Qxa3 f5 22.Bb2 Kf7
23.Rfd1 a6 24.Qa5 Nf6 25.Rd6 Rhb8 26.Bxf6 gxf6 27.Rad1 Ra7 28.Qa4 Qb4 29.Rd7+ Rxd7
30.Qa5 Qb7 31.Qa4 Qb4 32.Qxd7+ Qe7 33.Qa4 Qb4 34.Qxa6 Qxb3 35.Rd7+ Ke8 36.Qc6 Qb6
37.Qxb6 Rxb6  1/2-1/2

[Event "Bundesliga 2008-9"]
[Site "Hamburg GER"]
[Date "2009.02.28"]
[Round "12"]
[White "Avrukh,B"]
[Black "Gustafsson,J"]
[Result "1/2-1/2"]
[WhiteElo "2657"]
[BlackElo "2634"]

1.d4 d5 2.c4 c6 3.Nf3 Nf6 4.Nc3 e6 5.e3 Nbd7 6.Qc2 Bd6 7.g4 h6 8.h3 a6 9.c5 Bc7
10.Bd2 e5 11.dxe5 Nxe5 12.Nxe5 Bxe5 13.O-O-O Qe7 14.Na4 Ne4 15.Ba5 f5 16.Bd3 O-O
17.f3 Ng3 18.Rhg1 fxg4 19.f4 Nf5 20.Bd2 Bc7 21.Rde1 g3 22.Nb6 Bxb6 23.cxb6 Qh4
24.Bc3 Qxh3 25.e4 dxe4 26.Bxe4 Bd7 27.Qb3+ Kh7 28.Be5 Qh4 29.Rxg3 g6 30.Rd1 Qe7
31.Rh1 Rae8 32.Rgg1 Qc5+ 33.Kb1 Rxe5 34.fxe5 Qxe5 35.Re1 Re8 36.Ka1 Kg7 37.Qd1 Qd4
38.Bc2 Qxd1+ 39.Rxd1 Re7 40.Rd2 h5 41.Rhd1 Be6 42.Re1 Kf6 43.Rd8 Bb3 44.Rf8+ Rf7
45.Rxf7+ Bxf7 46.Bd3 Nd6 47.Rf1+ Ke5 48.Bxa6 Bd5 49.Be2 h4 50.Rf8 Bg2 51.Bg4 Nc4
52.Rf7 c5 53.Rh7 g5 54.Rh6 Ne3 55.Bc8 Nf5 56.Rh5 Kf4 57.a4 Bf3 58.Rh8 Nd6
59.Be6 Ke5 60.Bd7 Nc4 61.Rh6 Na5 62.Kb1 Be4+ 63.Kc1 Nb3+ 64.Kd1 Kf4 65.Ke2 c4
66.Rf6+ Ke5 67.Re6+ Kf4 68.Rf6+ Ke5 69.Re6+ Kf4 70.Rf6+  1/2-1/2

[Event "25th Open"]
[Site "Cappelle la Grande FRA"]
[Date "2009.03.02"]
[Round "3"]
[White "Gharamian,T"]
[Black "Genov,Peta"]
[Result "1/2-1/2"]
[WhiteElo "2581"]
[BlackElo "2465"]

1.d4 Nf6 2.c4 e6 3.Nc3 d5 4.Nf3 c6 5.e3 Nbd7 6.Qc2 Be7 7.Bd3 b6 8.cxd5 cxd5
9.Bd2 Bb7 10.O-O Rc8 11.Rfc1 O-O 12.Be1 Rc7 13.Qe2 Qb8 14.Nd2 Rfc8 15.Rd1 Nf8
16.f3 Rd7 17.Nb5 a6 18.Bg3 Qa8 19.Nc3 Nh5 20.Be1 Bd6 21.g4 Nf6 22.Bg3 Ne8
23.Rdc1 Rdc7 24.Rc2 Nd7 25.Rac1 Rc6 26.Kf2 Qa7 27.Nb3 Qa8 28.Kg2 Qa7 29.Kf2 Qa8
30.Kg2 Qa7 31.Na4 Rxc2 32.Rxc2 Qa8 33.Kf2 h6 34.Qd1 Rxc2+ 35.Bxc2 Bxg3+ 36.hxg3 Qd8
37.Qd3 Nf8 38.Nd2 Qd6 39.Qb3 Nd7 40.Nc3 Nef6 41.Ne2 Nb8 42.Nf4 a5 43.Qc3  1/2-1/2

[Event "25th Open"]
[Site "Cappelle la Grande FRA"]
[Date "2009.03.02"]
[Round "4"]
[White "Olszewski,Mi"]
[Black "Bobras,P"]
[Result "1-0"]
[WhiteElo "2517"]
[BlackElo "2554"]

1.d4 d5 2.c4 c6 3.Nf3 Nf6 4.Nc3 e6 5.e3 Nbd7 6.Qc2 Bd6 7.b3 O-O 8.Be2 b6
9.O-O Bb7 10.Bb2 Qe7 11.Rad1 Rad8 12.Rfe1 Rfe8 13.Bf1 c5 14.cxd5 exd5 15.g3 a6
16.Bg2 h6 17.Qb1 Qe6 18.Ne2 c4 19.bxc4 dxc4 20.Ng5 hxg5 21.Bxb7 b5 22.Bg2 Bb4
23.Bc3 Bf8 24.Ba5 Rc8 25.d5 Qd6 26.Nd4 Ne5 27.Nc6 Qa3 28.Bb4 Bxb4 29.Qxb4 Qxb4
30.Nxb4 a5 31.Nc6 Nxc6 32.dxc6 Re5 33.f4 Rc5 34.e4 gxf4 35.e5 Ne8 36.gxf4 Kf8
37.f5 c3 38.e6 Nf6 39.Rd7 fxe6 40.fxe6 c2 41.Rf7+ Kg8 42.Rc1 Rd8 43.Rd7 Re8
44.Rd2 Re7 45.Rcxc2 Rxc2 46.Rxc2 Ne8 47.Rd2 Kf8 48.Rd8 g6 49.Bf1 b4 50.Bb5 Kg7
51.Rxe8  1-0

[Event "41st WGM"]
[Site "Belgrade SRB"]
[Date "2009.03.04"]
[Round "2"]
[White "Benderac,A"]
[Black "Petrenko,S"]
[Result "1-0"]
[WhiteElo "2304"]
[BlackElo "2251"]

1.Nf3 d5 2.d4 c6 3.e3 Nf6 4.c4 e6 5.Nc3 Be7 6.Bd3 O-O 7.O-O b6 8.e4 dxe4
9.Nxe4 Nxe4 10.Bxe4 f5 11.Bc2 Na6 12.Ne5 Bb7 13.Qe2 Rc8 14.Rd1 Bf6 15.a3 Qe8
16.b4 Nc7 17.Bb3 Kh8 18.Bb2 Rd8 19.Re1 c5 20.dxc5 bxc5 21.b5 Qe7 22.a4 Kg8
23.a5 Bg5 24.Rad1 Rxd1 25.Rxd1 Rd8 26.a6 Ba8 27.f3 Rxd1+ 28.Bxd1 Qd6 29.Nd3 Bf6
30.Bxf6 gxf6 31.Nf2 Qd4 32.Qd3 f4 33.Bc2 f5 34.Qxd4 cxd4 35.Nd3 Kf7 36.Nxf4 e5
37.Ne2 Kf6 38.Ng3 e4 39.fxe4 f4 40.Nf1 Ne6 41.Nd2 Nc5 42.e5+ Kxe5 43.Bxh7 d3
44.Nf3+ Kd6 45.Kf2 Ne4+ 46.Bxe4 Bxe4 47.Nd2 Ba8 48.h4 Ke5 49.h5  1-0

[Event "25th Open"]
[Site "Cappelle la Grande FRA"]
[Date "2009.03.04"]
[Round "6"]
[White "Naumkin,I"]
[Black "Krzyzanowski,M"]
[Result "1-0"]
[WhiteElo "2501"]
[BlackElo "2248"]

1.d4 d5 2.c4 c6 3.Nf3 Nf6 4.Nc3 e6 5.e3 Nbd7 6.Qc2 Bd6 7.Bd3 O-O 8.O-O dxc4
9.Bxc4 b5 10.Be2 Bb7 11.Rd1 Qb8 12.h3 Rc8 13.a3 c5 14.dxc5 Nxc5 15.Bxb5 Nfe4
16.Be2 Nxc3 17.Qxc3 Bd5 18.Rxd5 Nb3 19.Qxb3 Bh2+ 20.Nxh2 Qxb3 21.Rd3 Qb6
22.Nf3 f6 23.Nd4 e5 24.Nf5 Rd8 25.Ne7+ Kh8 26.Nd5 Qb7 27.e4 Rac8 28.b3 Qf7
29.Bg4 Rb8 30.Bd2 Rb7 31.Ba5 Rdb8 32.Rc1 h5 33.Bf5 Qe8 34.Nc7 Qf7 35.Rcd1 Qg8
36.Be6 Qf8 37.b4 Kh7 38.Bd5  1-0

[Event "TCh-AUT 2nd Bundesliga Mitte 2008-9"]
[Site "Austria AUT"]
[Date "2009.03.07"]
[Round "7"]
[White "Horvath,Cs1"]
[Black "Haba,P"]
[Result "1-0"]
[WhiteElo "2529"]
[BlackElo "2546"]

1.d4 d5 2.c4 c6 3.Nc3 Nf6 4.e3 e6 5.Nf3 Nbd7 6.Qc2 Bd6 7.Bd3 O-O 8.O-O dxc4
9.Bxc4 a6 10.e4 e5 11.d5 cxd5 12.Bxd5 Qc7 13.Qe2 Bb4 14.Bd2 Bxc3 15.Bxc3 Nxd5
16.exd5 Qd6 17.Nxe5 Qxd5 18.Nc4 b5 19.Ne3 Qe4 20.Rfd1 Nb6 21.Rd4 Qg6 22.Bb4 Re8
23.Nd5 f6 24.Ne7+ Kf7 25.Qf3 Qg5 26.h4 Qe5 27.Re1 Bb7 28.Qb3+ Bd5 29.Rxd5  1-0

[Event "TCh-AUT 2nd Bundesliga Mitte 2008-9"]
[Site "Austria AUT"]
[Date "2009.03.07"]
[Round "7"]
[White "Sternat,R"]
[Black "Sachsenhofer,M"]
[Result "1/2-1/2"]
[WhiteElo "2122"]
[BlackElo "2113"]

1.d4 d5 2.c4 e6 3.e3 Nf6 4.Nc3 c6 5.Nf3 Be7 6.Bd3 Nbd7 7.O-O O-O 8.e4 dxe4
9.Nxe4 Nxe4 10.Bxe4 Nf6 11.Bc2 b5 12.c5 Qc7 13.Qe2 a5 14.Rd1 b4 15.Ne5 Rd8
16.Re1 Ba6 17.Nc4 Bxc4 18.Qxc4 Rd5 19.Be3 Rad8 20.g3 e5 21.Rac1 g6  1/2-1/2

[Event "TCh-NED 2008-9"]
[Site "Netherlands NED"]
[Date "2009.03.07"]
[Round "6"]
[White "Delemarre,J"]
[Black "Okkes,M"]
[Result "1/2-1/2"]
[WhiteElo "2467"]
[BlackElo "2359"]

1.d4 d5 2.c4 e6 3.Nf3 Nf6 4.Nc3 c6 5.e3 Nbd7 6.Bd3 dxc4 7.Bxc4 b5 8.Bd3 a6
9.O-O c5 10.Qe2 Bb7 11.Rd1 Qb8 12.a4 b4 13.Nb1 Bd6 14.Nbd2 O-O 15.h3 cxd4
16.exd4 e5  1/2-1/2

[Event "TCh-NED 2008-9"]
[Site "Netherlands NED"]
[Date "2009.03.07"]
[Round "6"]
[White "Driessens,P"]
[Black "Bierenbroodspot,P"]
[Result "1/2-1/2"]
[WhiteElo "2283"]
[BlackElo "2234"]

1.d4 d5 2.c4 c6 3.Nc3 Nf6 4.e3 e6 5.Nf3 Ne4 6.Bd3 f5 7.Ne5 Qh4 8.O-O Nd7
9.f4 Be7 10.Bd2 Nxd2 11.Qxd2 O-O 12.Rf3 Nxe5 13.fxe5 Qg5 14.Raf1 h5 15.Ne2 Qh6  1/2-1/2

[Event "TCh Paulista Interclub"]
[Site "Sao Paolo BRA"]
[Date "2009.03.07"]
[Round "5"]
[White "Coelho,L"]
[Black "Gutierrez,Ce"]
[Result "1-0"]
[WhiteElo "2398"]
[BlackElo "2002"]

1.d4 d5 2.c4 c6 3.Nf3 Nf6 4.Nc3 e6 5.e3 Nbd7 6.Qc2 a6 7.e4 Nxe4 8.Nxe4 dxe4
9.Qxe4 Bb4+ 10.Bd2 Bxd2+ 11.Nxd2 c5 12.dxc5 Qf6 13.Rb1 Nxc5 14.Qe3 b6 15.b4 Na4
16.Ne4 Qe5 17.f4 Qc7 18.Bd3 Bb7 19.O-O Rd8 20.Rb3 O-O 21.Nf6+ gxf6 22.Bxh7+ Kh8
23.Qh3 Rg8 24.Bxg8+ Kxg8 25.Qh6 Be4 26.Rh3  1-0

[Event "TCh Paulista Interclub"]
[Site "Sao Paolo BRA"]
[Date "2009.03.07"]
[Round "6"]
[White "Frare,F"]
[Black "Rodrigo da Silva,E"]
[Result "1-0"]
[WhiteElo "2262"]
[BlackElo "2038"]

1.d4 d5 2.c4 c6 3.Nc3 Nf6 4.e3 e6 5.Nf3 Nbd7 6.Qc2 Bd6 7.g4 dxc4 8.Bxc4 Nd5
9.a3 Nxc3 10.Qxc3 Qc7 11.Ng5 Be7 12.e4 Nf6 13.f3 Bd7 14.Be3 h6 15.Nh3 c5
16.Be2 Rc8 17.Rc1 b6 18.Ba6 Rd8 19.dxc5 bxc5 20.Bxc5 Bxc5 21.Qxc5 Qxc5 22.Rxc5 O-O
23.Ke2 Ba4 24.Rhc1 Rd7 25.Rc8 g5 26.Nf2 Kg7 27.Nd3 Rfd8 28.Rxd8 Rxd8 29.Rc7 Rd7
30.Rxd7 Nxd7 31.b4 Kf6 32.Ke3 e5 33.Bc4 Ke7 34.Nb2 Bc6 35.a4 Nb6 36.b5 Bd7
37.Kd3 f6 38.Kc3 Kd6 39.Kb4 Bc8 40.a5 Nd7 41.Bd5 Kc7 42.Nc4 Bb7 43.Bxb7 Kxb7
44.Nd6+ Kc7 45.Nf5 Nf8 46.Nxh6 Ne6 47.Nf5 Kd7 48.Kc4 Nc7 49.b6 axb6 50.axb6 Na6
51.Kb5 Nb8 52.Ne3  1-0

[Event "TCh-AUT 2nd Bundesliga Mitte 2008-9"]
[Site "Austria AUT"]
[Date "2009.03.08"]
[Round "8"]
[White "Kaspret,G"]
[Black "Schenk,An"]
[Result "0-1"]
[WhiteElo "2338"]
[BlackElo "2507"]

1.Nf3 d5 2.d4 Nf6 3.c4 e6 4.Nc3 c6 5.e3 Nbd7 6.Bd3 dxc4 7.Bxc4 b5 8.Bd3 Bb7
9.e4 b4 10.Na4 c5 11.e5 Nd5 12.O-O cxd4 13.Re1 Be7 14.Bd2 O-O 15.Nxd4 a6
16.Qh5 g6 17.Qh6 Re8 18.Nxe6 fxe6 19.Bxg6 hxg6 20.Qxg6+ Kh8 21.Re4 Nf8  0-1

[Event "TCh-BEL 2008-9"]
[Site "Belgium BEL"]
[Date "2009.03.08"]
[Round "10"]
[White "Bertrem,S"]
[Black "Fiebig,T"]
[Result "1-0"]
[WhiteElo "2221"]
[BlackElo "2401"]

1.d4 d5 2.c4 c6 3.Nc3 Nf6 4.Nf3 e6 5.e3 Nbd7 6.Qc2 Bd6 7.b3 O-O 8.Bd3 e5
9.dxe5 Nxe5 10.Nxe5 Bxe5 11.Bb2 dxc4 12.Bxc4 Re8 13.O-O Qc7 14.h3 Bd6 15.Rad1 Qe7
16.e4 Nh5 17.Ne2 Bc7 18.Bd3 Nf6 19.Rfe1 h6 20.Nd4 Nh5 21.Nf3 Nf4 22.Qc3 Qf8
23.Bb1 Be6 24.Nd4 Be5 25.Qe3 Bd6 26.e5 Bxe5 27.Nxe6 Rxe6 28.Bxe5 Ng6 29.Bxg6 Rxg6
30.Qd4 Qa3 31.Re2 Qa5 32.Red2 Re8 33.Bf4 Qf5 34.Qd7 Ree6 35.Bg3 Qc5 36.Qd4 Qa5
37.Qd8+  1-0

[Event "10th EICC w"]
[Site "St Petersburg RUS"]
[Date "2009.03.08"]
[Round "1"]
[White "Samigullina,D"]
[Black "Solovjova,V"]
[Result "0-1"]
[WhiteElo "2084"]
[BlackElo "2324"]

1.d4 d5 2.c4 c6 3.Nf3 e6 4.e3 Nf6 5.Nc3 Nbd7 6.Bd3 Bd6 7.O-O O-O 8.e4 dxc4
9.Bxc4 e5 10.Bg5 Qe7 11.d5 Rd8 12.Qe2 h6 13.Bh4 Nf8 14.Rad1 Ng6 15.Bg3 Nh5
16.Ne1 Nhf4 17.Qd2 b5 18.Bb3 b4 19.Ne2 Ba6 20.Bxf4 Nxf4 21.Nxf4 Bxf1 22.Kxf1 exf4
23.f3 Qh4 24.Kg1 Bc5+ 25.Kh1 cxd5 26.Bxd5 Rab8 27.Nd3 Be3 28.Qc2 Rdc8 29.Qb3 Qf6
30.e5 Qe7 31.e6 f6 32.Ne1 Kh8 33.Qd3 Rd8 34.Qe4 Rb5 35.Rd3 Bb6 36.Qc4 Rc5
37.Qxb4 Rc1 38.Qd2 Qc5  0-1

[Event "10th EICC w"]
[Site "St Petersburg RUS"]
[Date "2009.03.09"]
[Round "2"]
[White "Savina,A"]
[Black "Petrukhina,I"]
[Result "1/2-1/2"]
[WhiteElo "2297"]
[BlackElo "1905"]

1.d4 d5 2.c4 c6 3.Nc3 Nf6 4.e3 e6 5.Nf3 Nbd7 6.Qc2 Bd6 7.Be2 O-O 8.O-O dxc4
9.Bxc4 a6 10.Rd1 b5 11.Be2 Qc7 12.e4 e5 13.g3 Re8 14.a3 exd4 15.Nxd4 Be5
16.Bf3 c5 17.Nf5 Nb6 18.Nd5 Nfxd5 19.exd5 Bxf5 20.Qxf5 Rad8 21.Rb1 Bd4 22.Bf4 Qd7
23.Qxd7 Rxd7 24.d6 g5 25.Bxg5 Rxd6 26.Bf4 Rde6 27.b3 Kg7 28.Kg2 Kg6 29.h4 f5
30.h5+ Kf6 31.Rbc1 R8e7 32.Kf1 Nd7 33.Rc2 Ne5 34.Bd5 Rd6 35.Bg2 Rde6 36.Bd5 Rd6
37.Bg2 Rde6 38.Bd5  1/2-1/2

[Event "10th EICC w"]
[Site "St Petersburg RUS"]
[Date "2009.03.09"]
[Round "2"]
[White "Zakharova,Al"]
[Black "Chetina,E"]
[Result "1-0"]
[WhiteElo "2152"]
[BlackElo "1646"]

1.d4 Nf6 2.Nf3 d5 3.c4 e6 4.Nc3 c6 5.e3 Bd6 6.Qc2 O-O 7.Be2 Nbd7 8.O-O Re8
9.Rd1 h6 10.h3 dxc4 11.Bxc4 Qc7 12.e4 e5 13.a3 exd4 14.Nxd4 Nc5 15.Re1 Be5
16.Be3 Ncxe4 17.Nxe4 Nxe4 18.Rad1 Nf6 19.Nf3 Bf4 20.Bd4 Be6 21.Bxe6 Rxe6
22.Rxe6 fxe6 23.Bxf6 gxf6 24.Qg6+ Qg7 25.Qe4 e5 26.Qf5 Qe7 27.Rd7 Rd8 28.Qg4+ Kf8
29.Nxe5 Bxe5 30.Rxe7 Kxe7 31.g3 Kf7 32.Qa4 a6 33.Qb3+ Kg6 34.Qxb7 Rd2 35.Qc8 Bd4
36.Qg8+ Kf5 37.Qg4+ Ke5 38.Qf4+  1-0

[Event "10th EICC w"]
[Site "St Petersburg RUS"]
[Date "2009.03.09"]
[Round "2"]
[White "Limontaite,S"]
[Black "Zhukova,N"]
[Result "1/2-1/2"]
[WhiteElo "2206"]
[BlackElo "2490"]

1.d4 d5 2.c4 c6 3.Nc3 Nf6 4.e3 e6 5.Nf3 Nbd7 6.Bd3 dxc4 7.Bxc4 b5 8.Bd3 Bb7
9.e4 b4 10.Na4 c5 11.e5 Nd5 12.Nxc5 Nxc5 13.dxc5 Bxc5 14.O-O h6 15.Nd2 Nb6
16.Ne4 Bxe4 17.Bxe4 Qxd1 18.Rxd1 Rc8 19.b3 O-O 20.Bb2 Rfd8 21.Kf1 a5 22.a4 bxa3
23.Rxd8+ Rxd8 24.Bxa3 Bxa3 25.Rxa3 Rd4 26.f3 a4 27.Ke2 g5 28.bxa4 Nxa4 29.Bc6 Nb6
30.Ra5 Rc4 31.Be4 Rb4 32.Rc5 Rb2+ 33.Kf1 Kg7 34.Rc7 Ra2 35.Rc5 Nd7 36.Rb5 Nf8
37.Kg1 Ng6 38.g3 Nf8 39.Bc6 Rc2 40.Be4 Rd2 41.Bc6 Ng6 42.Be4 h5 43.h3 Ra2
44.Bxg6 Kxg6 45.g4 h4 46.Rc5 Rd2 47.Ra5 Kg7 48.Ra4 Re2 49.Ra5 Kg6 50.Rb5 Rd2
51.Ra5 Kg7 52.Ra4 Re2  1/2-1/2

[Event "FSGM March"]
[Site "Budapest HUN"]
[Date "2009.03.10"]
[Round "4"]
[White "Pap,G"]
[Black "Nguyen Huynh Minh Huy"]
[Result "1/2-1/2"]
[WhiteElo "2468"]
[BlackElo "2465"]

1.d4 d5 2.c4 c6 3.Nf3 Nf6 4.Nc3 e6 5.e3 Nbd7 6.Qc2 Bd6 7.Be2 O-O 8.O-O dxc4
9.Bxc4 b5 10.Be2 Bb7 11.Rd1 Qb8 12.e4 e5 13.Bg5 Re8 14.dxe5 Bxe5 15.Nxe5 Qxe5
16.Be3 b4 17.Na4 Qxe4 18.Qxe4 Rxe4 19.Bf3 Ree8 20.Nc5 Nxc5 21.Bxc5 Nd5 22.Bxd5 cxd5
23.Bxb4 Rac8 24.Rd2 Rc4 25.Bc3 Rce4 26.f3 Re2 27.Rad1 f6 28.Rd4 Bc6 29.Bd2 Kf7
30.Rc1 Rc8 31.Rc5 Ke8 32.Kf1 Re7 33.Rdxd5 Bxd5 34.Rxc8+ Kd7 35.Rh8 Bxa2 36.Rxh7 Bc4+
37.Kg1 Ke8 38.Rh4 Bb5 39.Rf4 a6 40.h4 Rc7 41.h5 Rc4 42.Rf5 Bd7 43.Rd5 Bc6
44.Rd3 Kf7 45.Bc3 Rc5 46.g4 Rd5 47.Re3 Rd7 48.f4 Re7 49.Rg3 Re4 50.f5 Rf4
51.g5 Rxf5 52.h6 gxh6 53.gxh6 Be4 54.Rg7+ Ke6 55.Ra7 Bd3 56.Rb7 Rd5 57.Kf2 Rd7
58.Rb8 Kf5 59.Rf8 Kg5 60.Rxf6 Bg6 61.Rxa6 Kxh6 62.b4 Kg5 63.b5 Bd3 64.Ra5 Rd5
65.Ke3 Rxb5  1/2-1/2

[Event "10th EICC"]
[Site "Budva MNE"]
[Date "2009.03.10"]
[Round "5"]
[White "Navara,D"]
[Black "Grigoriants,S RUS"]
[Result "1-0"]
[WhiteElo "2638"]
[BlackElo "2565"]

1.d4 d5 2.c4 c6 3.Nc3 Nf6 4.Nf3 e6 5.e3 Nbd7 6.Bd3 dxc4 7.Bxc4 b5 8.Bd3 Bd6
9.O-O O-O 10.Qc2 Bb7 11.e4 e5 12.h3 exd4 13.Nxd4 Re8 14.Rd1 Qc7 15.Bg5 h6
16.Be3 Rad8 17.Rac1 a6 18.Nf5 Bf4 19.Nd5 Nxd5 20.exd5 Bxe3 21.d6 Bxf2+ 22.Qxf2 Qb6
23.Ne7+ Kf8 24.Ng6+ Kg8 25.Ne7+ Kf8 26.Qxb6 Nxb6 27.Bg6 Nd5 28.Rxd5 cxd5
29.Rf1 f6 30.Re1 d4 31.Kf2 d3 32.Bxe8 Rxe8 33.Re3 Kf7 34.Rxd3 Rd8 35.g4 g6
36.Ke3 a5 37.h4 b4 38.Rd2 Ke6 39.Nxg6 Rxd6 40.Nf4+ Kd7 41.Rc2 Rc6 42.Rf2 Ke7
43.Kd4 Kf7 44.Nh5 Ke7 45.Rf5 Rd6+ 46.Kc4 Ba6+ 47.Kb3 Be2 48.Rxa5 Rd4 49.Ra7+ Kd6
50.Ka4 Rxg4 51.Ng7 Bd3 52.h5 f5 53.Ne8+ Kc5 54.Nf6 Bb5+ 55.Ka5 Rg2 56.Rb7 Bc6
57.Rxb4 Rg7 58.Rb6 Ra7+ 59.Ra6 Rxa6+ 60.Kxa6 Bf3 61.Ka5 Kd6 62.b4 Ke6 63.Ng8 f4
64.b5 Bxh5 65.b6 f3 66.b7 f2 67.b8=Q f1=Q 68.Qb3+ Ke5 69.Qc3+ Ke6 70.Nxh6 Qf4
71.Qh3+ Kd6 72.Nf5+ Ke5 73.Ne3 Bf7 74.Ng4+ Kd6 75.Qa3+ Kc6 76.Qc3+ Kd6 77.Kb6 Qc4
78.Qf6+ Kd5  1-0

[Event "10th EICC"]
[Site "Budva MNE"]
[Date "2009.03.10"]
[Round "5"]
[White "Lenic,L"]
[Black "Kreisl,R"]
[Result "1-0"]
[WhiteElo "2548"]
[BlackElo "2394"]

1.d4 d5 2.c4 c6 3.Nf3 Nf6 4.e3 e6 5.Nc3 Nbd7 6.Qc2 Bd6 7.b3 O-O 8.Be2 b6
9.O-O Bb7 10.Bb2 Qe7 11.Rad1 Rad8 12.Rfe1 Rfe8 13.Bd3 c5 14.cxd5 exd5 15.Qe2 Bb8
16.Ba6 Ba8 17.Bb5 Qd6 18.g3 Re7 19.Bd3 Rde8 20.Nh4 g6 21.Nf3 Qe6 22.Ng5 Qc6
23.Bb5 Qd6 24.Qf3 cxd4 25.Rxd4 Ne5 26.Qd1 Nc6 27.Nxd5 Nxd5 28.Rxd5 Qc7 29.Nxh7 Ne5
30.Nf6+ Kf8 31.Nxe8 Bxd5 32.Qxd5 Rxe8 33.Bxe8  1-0

[Event "FIDE Women's Grand Prix"]
[Site "Instanbul TUR"]
[Date "2009.03.10"]
[Round "4"]
[White "Mamedjarova,Z"]
[Black "Sebag,M"]
[Result "0-1"]
[WhiteElo "2362"]
[BlackElo "2529"]

1.d4 d5 2.c4 c6 3.Nc3 Nf6 4.e3 e6 5.Nf3 Nbd7 6.Qc2 Bd6 7.e4 dxe4 8.Nxe4 Nxe4
9.Qxe4 Nf6 10.Qh4 Qa5+ 11.Bd2 Qh5 12.Qxh5 Nxh5 13.O-O-O Nf6 14.h3 b6 15.Bd3 Bb7
16.Rhe1 O-O 17.Bc3 Rfd8 18.Kb1 h6 19.Ne5 c5 20.dxc5 Bxc5 21.f3 Nh5 22.Rd2 Nf4
23.Be4 Bxe4+ 24.Rxe4 Rxd2 25.Bxd2 f5 26.Re1 Nxg2 27.Re2 Nh4 28.Be1 g5 29.Bxh4 gxh4
30.Ng6 Kf7 31.Nxh4 Rd8 32.Ng2 Rd3 33.Ne1 Rd4 34.b3 Rh4 35.Rh2 Bd6 36.Rh1 Bg3
37.Ng2 Rd4 38.Kc2 Kf6 39.Rf1 Bc7 40.f4 Rd8 41.Rf3 Rg8 42.Ne3 Bd6 43.Kc3 a5
44.Nc2 h5 45.Kd3 h4 46.Ne3 Ba3 47.Ke2 Bc5 48.Kf1 Rd8 49.Ke2 Bb4 50.Nf1 Rd4
51.Ne3 Rd2+ 52.Kf1 Rxa2 53.Ng2 a4 54.bxa4 Rxa4 55.Nxh4 Ba5 56.Ng2 Rxc4 57.h4 b5
58.h5 b4 59.Rh3 Rc3 60.Rxc3 bxc3 61.Ne1 Bc7 62.Ke2 Bxf4 63.Kd3 Bd2 64.Nc2 e5
65.Nb4 Kg5 66.Nc6 e4+ 67.Ke2 Kxh5 68.Nd4 Kg4 69.Kf2 f4  0-1

[Event "10th EICC"]
[Site "Budva MNE"]
[Date "2009.03.11"]
[Round "6"]
[White "Neverov,V"]
[Black "Lekic,D"]
[Result "1-0"]
[WhiteElo "2560"]
[BlackElo "2390"]

1.d4 d5 2.c4 c6 3.Nf3 Nf6 4.Nc3 e6 5.e3 Nbd7 6.Qc2 Bd6 7.b3 O-O 8.Be2 b6
9.O-O Bb7 10.Bb2 Qc7 11.Rad1 Rad8 12.Rfe1 Rfe8 13.e4 Nxe4 14.Nxe4 dxe4 15.Qxe4 Nf6
16.Qc2 Bb4 17.Nd2 c5 18.a3 Bxd2 19.Rxd2 Ne4 20.Rd3 cxd4 21.Bxd4 e5 22.Bb2 Qc5
23.Bf1 Qc6 24.Rxd8 Rxd8 25.Rd1 Rxd1 26.Qxd1 f6 27.Bc1 Nd6 28.Qd3 g6 29.a4 Kg7
30.Be3 Nf7 31.c5 bxc5  1-0

[Event "10th EICC"]
[Site "Budva MNE"]
[Date "2009.03.11"]
[Round "6"]
[White "Martinovic,Sa"]
[Black "Mastrovasilis,D"]
[Result "1/2-1/2"]
[WhiteElo "2427"]
[BlackElo "2580"]

1.d4 d5 2.c4 c6 3.Nc3 Nf6 4.e3 e6 5.Nf3 Nbd7 6.Qc2 Bd6 7.e4 Nxe4 8.Nxe4 dxe4
9.Qxe4 e5 10.dxe5 O-O 11.exd6 Re8 12.Qxe8+ Qxe8+ 13.Be3 Nf6 14.O-O-O Bf5
15.Bd3 Bxd3 16.Rxd3 Qe6 17.b3 a5 18.Re1 a4 19.Kb2 b5 20.c5 Nd5 21.Nd4 Qe4
22.Rd2 Nb4 23.Kc3 axb3 24.axb3 Nd5+ 25.Kb2 Nb4 26.Kc3 Nd5+  1/2-1/2